Advanced Cataloguing (Record no. 45947)
[ view plain ]
| 000 -LEADER | |
|---|---|
| fixed length control field | 003550000a22001450004500 |
| 003 - CONTROL NUMBER IDENTIFIER | |
| control field | MACL |
| 040 ## - CATALOGING SOURCE | |
| Original cataloging agency | MACL |
| 090 ## - LOCALLY ASSIGNED LC-TYPE CALL NUMBER (OCLC); LOCAL CALL NUMBER (RLIN) | |
| -- | 46433 |
| -- | 46431 |
| 100 ## - MAIN ENTRY--PERSONAL NAME | |
| Personal name | Gautam, Dr J N |
| 245 ## - TITLE STATEMENT | |
| Title | Advanced Cataloguing |
| Remainder of title | CCC & AACR 2 Theory & Practice |
| 260 ## - PUBLICATION, DISTRIBUTION, ETC. (IMPRINT) | |
| Name of publisher, distributor, etc. | VI Publishers |
| Date of publication, distribution, etc. | 1995 |
| 650 ## - SUBJECT ADDED ENTRY--TOPICAL TERM | |
| Topical term or geographic name as entry element | library Science |
| 942 ## - ADDED ENTRY ELEMENTS (KOHA) | |
| Koha item type | Library Membar |
| Call number prefix | 027.34/GOT |
| 951 ## - EQUIVALENCE OR CROSS-REFERENCE--GEOGRAPHIC NAME/AREA NAME [OBSOLETE] [CAN/MARC only] | |
| -- | 027.34/GOT BOOK |
No items available.









